000 00353nam a22001457a 4500
008 230831b ||||| |||| 00| 0 eng d
020 _a9780521824095
041 _aeng
080 _2FIRST PUBLISHED 2005
_a611.085
082 _a611.085BUR
100 _a15
101 _aHIGJ
245 _aCLIMATE CHANGE IN PREHISTORY
_cBURROUGHS.W
942 _2udc
_cBK
999 _c60211
_d60211